Včelia farma v Oravskej Lesnej.

Gespeichert in:
Bibliographische Detailangaben
1. Verfasser: Srogončík, Dávid (Verfasst von)
Weitere Verfasser: Borecká, Eva (Betreuung Doktorarbeit)
Format: Manuskript Buch
Sprache:Slowakisch
Veröffentlicht: 2025
Schlagworte:
Online-Zugang:http://is.stuba.sk/zp/portal_zp.pl?podrobnosti=168331
CRZP
Tags: Tag hinzufügen
Keine Tags, Fügen Sie das erste Tag hinzu!

MARC

LEADER 00000ntm a22000003a 4500
001 stuzp103794
003 SK-STU
005 20250731152755.9
007 ta
008 150427s2015----xo-----f-mn---000-0-slo-d
040 |a STU  |b slo 
041 0 |a slo 
100 1 |a Srogončík, Dávid  |u 010310  |4 aut  |U SvF Stavebná fakulta  |T SvF Katedra architektúry  |X 115654  |U V181|V310  |Y 19  |7 115654 
242 0 1 |a Bee farm in Oravská Lesna.  |y eng 
245 1 0 |a Včelia farma v Oravskej Lesnej. 
260 |c 2025 
650 4 |a včelia farma  |2 slo 
650 4 |a tradičné remeslá  |2 slo 
650 4 |a vernakulárna architektúra  |2 slo 
650 4 |a Orava  |2 slo 
650 4 |a bee farm  |2 eng 
650 4 |a traditional crafts  |2 eng 
650 4 |a vernacular architecture  |2 eng 
650 4 |a Orava  |2 eng 
700 1 |a Borecká, Eva  |u 010310  |k Z1  |4 ths  |U SvF Stavebná fakulta  |T SvF Katedra architektúry  |X 53660  |U V181|V310  |Y 19  |7 A000053660 
856 4 |u http://is.stuba.sk/zp/portal_zp.pl?podrobnosti=168331 
856 4 |u https://opac.crzp.sk/?fn=detailBiblioForm&sid=C9A1C75A261DD259FA85441E26A3  |z CRZP